| 000 | 00000nas 2200000za 4500 |
| 001 | 9.502750 |
| 003 | CaOODSP |
| 005 | 20250714094120 |
| 007 | cr ||||||||||| |
| 008 | 150406c20009999mbcar p o f0 b0fre|d |
| 022 | |a1704-5126 |
| 040 | |aCaOODSP|bfre |
| 043 | |an-cn--- |
| 086 | 1 |aA92-11F-PDF |
| 110 | 2 |aCommission canadienne des grains. |
| 210 | 0 |aGuide off. classem. grains |
| 222 | 0|aGuide officiel du classement des grains |
| 240 | 10|aGuide officiel du classement des grains (En ligne) |
| 245 | 10|aGuide officiel du classement des grains |h[ressource électronique]. |
| 260 | |aWinnipeg : |bCommission canadienne des grains, |c2000- |
| 310 | |aAnnuel |
| 362 | 1 |aParaît depuis le 1er août 2000. |
| 500 | |aPubl. aussi en anglais sous le titre : Official grain grading guide. |
| 515 | |aPubl. deux fois en 2021, en juillet et août. |
| 691 | 07|aÉvaluation|2gcpds |
| 691 | 07|aGrain|2gcpds |
| 775 | 08|tOfficial grain grading guide |w(CaOODSP)9.506352 |